| 000 | 00643cam a2200193 a 4500 | ||
|---|---|---|---|
| 001 | 000019775 | ||
| 005 | 20200929170132.0 | ||
| 008 | 100706s1967 ag 000 0 spa d | ||
| 040 |
_aDO-SdBNP _bspa _cBNPHU |
||
| 082 |
_axxx _bH866g |
||
| 100 | 1 |
_aHowse, W. L. _942246 |
|
| 245 | 1 | 0 |
_aGuiando a los jóvenes en el estudio de la biblia / _cW. L. Howse ; traducción José Rivas ; revisión José Tomás Poe. |
| 260 |
_aBuenos Aires : _bCasa Bautista de publicaciones, _c1967. |
||
| 300 |
_a154. ; _c18 cm. |
||
| 500 | _aEdición revisada 1967. | ||
| 700 | 1 |
_aRivas, José _etr. _942247 |
|
| 700 | 1 |
_aPoe, José Tomás,0 _942248 |
|
| 049 | _aBNGR | ||
| 999 |
_c19289 _d19289 |
||